| 000 | 00818nam a2200241 a 4500 | ||
|---|---|---|---|
| 001 | 000005226 | ||
| 003 | OSt | ||
| 005 | 20200929151620.0 | ||
| 008 | 090818s1994 sp 001 0 spa d | ||
| 020 | _a8476584342 | ||
| 040 |
_aDO-SdBNP _bspa _cBNPHU |
||
| 082 |
_axxxx _bJ26l |
||
| 100 | 1 |
_aJalón, Mauricio _914913 |
|
| 245 | 1 | 3 |
_aEl laboratorio de Foucault : _bdescifrar y ordenar / _cMauricio Jalón. |
| 260 |
_aMadrid, España : _bAntropos, _aConsejo Superior de Inventigaciones Científicas , _c1994. |
||
| 300 |
_a346 p. ; _c20 cm. |
||
| 490 | 1 |
_aAutores, Textos y Temas ; _v46 |
|
| 500 | _aIncluye índice de nombres | ||
| 500 | _aIncluye referencias bibliográficas y notas al pie de las páginas | ||
| 504 | _aBibliografía : p. 327-337 | ||
| 830 | 0 |
_aAutores, textos y temas _n46 _914914 |
|
| 942 |
_2ddc _cLF1 |
||
| 999 |
_c5027 _d5027 |
||